Statistics for NRL Minor Premiers

Click here to take the quiz!

General Stats

  • This quiz has been taken 49 times
    (7 since last reset)
  • The average score is 25 of 26

Answer Stats

HintAnswer% Correct
1998Brisbane Broncos
100%
2000Brisbane Broncos
100%
2012Canterbury Bankstown Bulldogs
100%
2021Melbourne Storm
100%
2019Melbourne Storm
100%
2017Melbourne Storm
100%
2016Melbourne Storm
100%
2011Melbourne Storm
100%
2002New Zealand Warriors
100%
2022Penrith Panthers
100%
2020Penrith Panthers
100%
2003Penrith Panthers
100%
2009St George Illawarra Dragons
100%
2010St George Illawarra Dragons
100%
2008Stripped (from Melbourne Storm)
100%
2007Stripped (from Melbourne Storm)
100%
2006Stripped (from Melbourne Storm)
100%
2013Sydney Roosters
100%
2004Sydney Roosters
100%
2014Sydney Roosters
100%
2015Sydney Roosters
100%
2018Sydney Roosters
100%
1999Cronulla Sutherland Sharks
80%
2005Parramatta Eels
80%
2001Parramatta Eels
80%
2023Penrith Panthers
60%

Score Distribution

Percentile by Number Answered

Percent of People with Each Score

Your Score History

You have not taken this quiz since the last reset